| 000 | 01251nam0a22002771 4500 | ||
|---|---|---|---|
| 001 | rc\4812515 | ||
| 005 | 20260407014558.0 | ||
| 021 |
_aRU _b[58-16951] |
||
| 035 | _a(NLR Aleph) 008797073 | ||
| 090 |
_a8077690 _c8077690 |
||
| 100 | _a20130426d1958 |||y0rusy50 ca | ||
| 101 | 0 | _arus | |
| 102 | _aRU | ||
| 105 | _aa b ||||| | ||
| 200 | 1 |
_aКаталог _fВсерос. театр. о-во. Моск. союз советских художников. Выставка эскизов декораций, костюмов и этюдов худож. Софьи Николаевны Шевалдышевой "30 лет работы в театре" |
|
| 210 |
_aМосква _cБ. и. _d1958 |
||
| 215 |
_a15 с., 9 л. ил. _d22 |
||
| 300 | _aНа обороте тит. л. сост.: М.Э. Юхневич | ||
| 702 | 1 |
_aЮхневич _bМ.Э. _4220 |
|
| 710 | 1 | 0 |
_aШевалдышева, _gСофья Николаевна _hВыставка эскизов декораций, костюмов и этюдов "30 лет работы в театре" _f1958 _eМосква _3RU\NLR\AUTH\8810002961 _9503159 |
| 801 | 0 |
_aRU _bNLR _gpsbo |
|
| 801 | 1 |
_aRU _bELAR _2rusmarc |
|
| 852 |
_aNLR _bЭ _jКП/Ш370 |
||
| 942 | _cBOOK | ||
| 980 | _aNB | ||